Automobilový priemysel a jeho vplyv na hospodárstvo Slovenskej republiky bakalárska práca

Enregistré dans:
Détails bibliographiques
Auteur principal: Maňkoš, Daniel
Collectivité auteur: Národohospodárska fakulta EU. Katedra hospodárskej politiky
Autres auteurs: Chandoga, Roman
Format: Livre
Langue:slovaque
Publié: Bratislava 2016
Tags: Ajouter un tag
Pas de tags, Soyez le premier à ajouter un tag!

MARC

LEADER 00000nbm a2200000 4500
001 0219922
005 20161125142727.6
041 0 |a slo 
044 |a SK 
245 1 0 |a Automobilový priemysel a jeho vplyv na hospodárstvo Slovenskej republiky  |b bakalárska práca  |c Daniel Maňkoš ; školiteľ: Roman Chandoga 
264 1 |a Bratislava  |c 2016 
300 |a 46 s. 
100 1 |a Maňkoš, Daniel 
700 1 |a Chandoga, Roman 
710 2 |a Národohospodárska fakulta EU. Katedra hospodárskej politiky